000 00426nam a2200157Ia 4500
003 GCL
008 140319s9999 xx 000 0 eng d
040 _aGCL /
_cGCL
082 0 4 _a782.1
_bT L
100 1 _aTYRRELL, JOHN
245 1 0 _aLEOAS JANACEK: KATA KABANAVA /
_cTYRRELL, JOHN
260 _a[S.N] :
_bCAMBRIDGE UNIVERSITY PRESS ،
_c1982
300 _a234 P
650 0 4 _aJANACEK, LEOS. KATA KABANAVA
942 _2ddc
_cBK
999 _c12735
_d12735